Putting research to work in your school /

Bibliographic Details
Main Author: Berliner, David C.
Other Authors: Casanova, Ursula
Format: Book
Language:English
Published: Arlington Heights, Ill. : IRI/Skylight Training and Pub., [1996]
Subjects:

MARC

Tag First Indicator Second Indicator Subfields
LEADER 00000cam a2200000 a 4500
001 in00001377113
005 20151020051108.0
008 961031s1996 ilu b 001 0 eng
010 |a  96076991  
020 |a 1575170647 
035 |a (OCoLC)35910248 
035 |9 AHL7504AM 
040 |a DLC  |c DLC  |d UtOrBLW 
049 |a TXAM 
050 0 0 |a LB1025.3  |b .B47 1996 
082 0 0 |a 371.1/02  |2 20 
100 1 |a Berliner, David C. 
245 1 0 |a Putting research to work in your school /  |c David C. Berliner and Ursula Casanova. 
264 1 |a Arlington Heights, Ill. :  |b IRI/Skylight Training and Pub.,  |c [1996] 
264 4 |c ©1996 
300 |a xii, 246 pages ;  |c 23 cm. 
336 |a text  |b txt  |2 rdacontent 
337 |a unmediated  |b n  |2 rdamedia 
338 |a volume  |b nc  |2 rdacarrier 
504 |a Includes bibliographical references and index. 
650 0 |a Teaching. 
650 0 |a Learning. 
650 0 |a Education  |x Social aspects. 
650 0 |a Educational tests and measurements. 
650 0 |a Educational change. 
650 0 |a Education  |x Research. 
700 1 |a Casanova, Ursula. 
948 |a c:en 
999 |a MARS 
999 f f |s 07248a47-4fc5-3252-9097-8f5c1591221a  |i 2bb7fb0e-7f3d-320f-9ad5-d317a9c164c8  |t 0 
952 f f |p normal  |a Texas A&M University  |b College Station  |c Sterling C. Evans Library  |d Evans: Library Stacks  |t 0  |e LB1025.3 .B47 1996  |h Library of Congress classification  |i unmediated -- volume  |m A14822225071 
998 f f |a LB1025.3 .B47 1996  |t 0  |l Evans: Library Stacks